• 首页
  • 本馆介绍
  • 公告通知
  • 最新文献
  • 馆藏检索
  • 电子资源
  • 读者导购
  • 参考咨询
  • 我的图书馆
  • 登录
  • 详细信息显示
  • 放入我的书架
  • 预约/预借图书
  • 作者相关作品
  • 分类相关作品
  • 丛书相关作品
  • 出版社相关作品

书目信息

  • 表格格式
  • 工作单格式
  • 卡片格式
题名:
历代楹联选注
    
 
作者: 赵浩如选 注
分册:  
出版信息: 上海   上海古籍出版社  1985.8
页数: 132页
开本: 19cm
丛书名:
单 册:
中图分类: I269.6
科图分类:
主题词: 散文--中国 , 散文--作品综合集--中国
电子资源:
ISBN:
000 00612nam0 2200217 45
001 0312221749
005 20040406151137.7
010    @dCNY0.43
091    @a10186.548
100    @a20031222d1985 km y0chiy0120 ea
101    @achi
105    @a z 000yy
200 1  @a历代楹联选注@ALi Dai Ying Lian Xuan Zhu@f赵浩如选注@FZhao Hao Ru Xuan Zhu@e中国古典文学作品选读
210    @a上海@c上海古籍出版社@d1985.8
215    @a132页@d19cm
606 0  @a散文@x中国
606 0  @a散文@x作品综合集@x中国
690    @aI269.6@v3
701 0  @a赵浩如选@4注
801    @aCN@bTSTCL@c20031222
905    @dI269.6@e282@f1@b146053
    
    历代楹联选注/赵浩如选注:中国古典文学作品选读.-上海:上海古籍出版社,1985.8
    132页;19cm
    
    
    ISBN :CNY0.43
    
●
相关链接 在E读中查询图书 在五车中查询图书 在当当中查询图书 在豆瓣中查询图书


正题名:历代楹联选注     索取号:I269.6/282         预约/预借

序号 登录号 条形码 馆藏地/架位号 状态 备注
1 0146053   000024299   第二借阅区/ [索取号:I269.6/282] 在馆    
2 0146054   000024253   第一样本阅览室/ [索取号:I269.6/282] 在馆    
唐山师范学院图书馆 欢迎您!
大连网信软件有限公司© 版权所有